000 00482nam a2200181Ia 4500
001 10198
005 20260306161814.0
008 260306t1998||||xx |||||||||||||| ||spa||
041 _aESP
082 _a909
_bF98 1998
100 _aFustel de Coulanges, Numa Denis
_eAUT
245 0 _aLa ciudad antigua:
_bcon estudio preliminar de Rubén Calderón Bouchet
260 _c1998
300 _a684 páginas :
_c19 cm.
650 _aGEN
654 _aCHU
942 _cLIB
_dJUS
_fJUS
_2ddc
_n
999 _c10198
_d10198